000 01540nam a2200313 a 4500
001 BRCA_3382
005 20190320204243.0
041 _aeng
044 _aenk
084 _a671
_b.S265
_c1902
100 1 _aCervantes Saavedra, Miguel de
_d1547-1616
_9213
245 1 0 _aThe Life and Exploits of the Ingenious Gentleman Don Quixote de la Mancha
_cTranslated from the Original Spanish of Miguel de Cervantes Saavedra by Charles Jarvis.
260 _aLondres
_bSands and Co.
_c1902
300 _a1 v. en 2 partes (xxiii, 614 p.)
_bil.
_c23 cm.
500 _aContenido : Vida de Cervantes extractada de la escrita por Mayáns. Prólogo del autor. Texto de ambas partes fundidas en una sola
500 _aEdición : Carefully Revised and Corrected to which is Prefixed a Life of the Author. With 16 Illustrations by W. H. Robinson
500 _aReimpresión de la versión de Jarvis con las ilustraciones de W. H. Robinson y una breve biografía de Cervantes, extractada de la escrita por Mayáns. Tela Lúdovik Osterc
500 _aQM1100
546 _aTexto en : inglés
650 1 4 _aNovela española
_yÉpoca clásica, 1500-1700
_9215
650 1 4 _aLiteratura española
_yÉpoca clásica, 1500-1700
_9216
650 1 4 _aNovela española
_ySiglo XVII
_9217
650 1 4 _aDon Quijote (Personaje ficticio)
_eNovela
_9218
700 1 _aJarvis, Charles
_d?-1739
_eTraductor
_98897
700 1 _aRobinson, William Heat
_d1872-1944
_eIlustrador
_98898
740 0 _aEl Ingenioso Hidalgo Don Quijote de la Mancha
902 _aQFM
942 _2lcc
_cB
999 _c3118
_d3118